Statistics for Team Names based on where they actually play

Click here to take the quiz!

General Stats

  • This quiz has been taken 11 times
  • The average score is 12 of 24

Answer Stats

Team NameAnswer% Correct
RangersNew York City
90%
LightningTampa
80%
BuccaneersTampa
80%
AvalancheDenver
70%
CowboysArlington
60%
Panthers (NFL)Charlotte
60%
CardinalsGlendale
60%
CoyotesGlendale
60%
VikingsMinneapolis
60%
HurricanesRaleigh
60%
WildSt. Paul
60%
PatriotsFoxboro
50%
TitansNashville
50%
DevilsNewark
50%
GiantsEast Rutherford
40%
JetsEast Rutherford
40%
Football TeamLandover
40%
DolphinsMiami Gardens
40%
49ersSan Jose
40%
BillsOrchard Park
30%
IslandersElmont
10%
RamsInglewood
10%
ChargersInglewood
10%
Panthers (NHL)Sunshine
10%

Score Distribution

Percentile by Number Answered

Percent of People with Each Score

Your Score History

You have not taken this quiz